| 000 | 00484nam a22001697a 4500 | ||
|---|---|---|---|
| 003 | OSt | ||
| 005 | 20140310182531.0 | ||
| 008 | 130813t xxu||||| |||| 00| 0 eng d | ||
| 020 | _a9780323071550 | ||
| 050 |
_aQP 514.2 _b.M515 2012 |
||
| 100 |
_aMeisenberg, Gerhard _97937 |
||
| 245 |
_aPrinciples of medical biochemistry / _cGerhard Meisenberg. |
||
| 260 |
_aUSA : _bElsevier/Saunders, _cc2012. |
||
| 300 |
_a588 p. : _bcol. ill.; _c28 cm. |
||
| 942 |
_2lcc _cSSLC |
||
| 999 |
_c14135 _d14135 |
||